00367nam a2200145Ia 4500008004100000020001800041041001200059082002200071100003800093245002100131250001200152260003300164300001500197650000900212231221s9999 xx 000 0 und d a9790000000000 aEnglish a641.872 MCC;1 R aMcCarthy ed. Mulligan. Maryewing. 0aWine for dummies a4th ed. c2006bWiley IndiaaNew Delhi axviii, 410 aWine